000 00277nam a2200109Ia 4500
008 220204s9999 xx 000 0 und d
082 _a658.284
_bCOO
100 _aKen
245 0 _aNon verbal communication for business success
260 _aNew York
_bAmacom
_c1979
942 _cBK
999 _c34793
_d34793